| 000 | 00396nam a2200157Ia 4500 | ||
|---|---|---|---|
| 999 |
_c14000 _d14000 |
||
| 003 | OSt | ||
| 005 | 20260401124629.0 | ||
| 008 | 260210s9999 xx 000 0 und d | ||
| 020 | _a9781616894207 | ||
| 100 | _aMIT Center for Advanced Urbanism | ||
| 245 | 0 | _aInfrastructural Monument | |
| 260 |
_bPrinceton Architectural Press _c2016 |
||
| 260 | _c2016 | ||
| 300 | _a160 pages | ||
| 942 |
_cPG _2ddc |
||